<?xml version="1.0" encoding="UTF-8"?>
<record
    xmlns:xsi="http://www.w3.org/2001/XMLSchema-instance"
    xsi:schemaLocation="http://www.loc.gov/MARC21/slim http://www.loc.gov/standards/marcxml/schema/MARC21slim.xsd"
    xmlns="http://www.loc.gov/MARC21/slim">

  <leader>03782nam a22002297a 4500</leader>
  <controlfield tag="008">210716b           ||||| |||| 00| 0 eng d</controlfield>
  <datafield tag="020" ind1=" " ind2=" ">
    <subfield code="a">9780802873026  </subfield>
  </datafield>
  <datafield tag="020" ind1=" " ind2=" ">
    <subfield code="a">0802873022 </subfield>
  </datafield>
  <datafield tag="050" ind1=" " ind2=" ">
    <subfield code="a">BS1295.52 </subfield>
    <subfield code="b">.W66 2016  </subfield>
  </datafield>
  <datafield tag="245" ind1=" " ind2=" ">
    <subfield code="a">Women of war, women of woe :</subfield>
    <subfield code="b">Joshua and Judges through the eyes of nineteenth-century female biblical interpreters /</subfield>
    <subfield code="c">edited by Marion Ann Taylor and Christiana de Groot  </subfield>
  </datafield>
  <datafield tag="260" ind1=" " ind2=" ">
    <subfield code="a">Grand Rapids, Michigan :</subfield>
    <subfield code="b">William Eerdmans Publishing Company,</subfield>
    <subfield code="c">2016.</subfield>
  </datafield>
  <datafield tag="300" ind1=" " ind2=" ">
    <subfield code="a">x, 278 pages ;</subfield>
    <subfield code="c">23 cm </subfield>
  </datafield>
  <datafield tag="500" ind1=" " ind2=" ">
    <subfield code="a">Includes bibliographical references and indexes </subfield>
  </datafield>
  <datafield tag="505" ind1=" " ind2=" ">
    <subfield code="a">1. Rahab. Sarah Ewing Hall: a sanitized Rahab -- Susanna Haswell Rowson: is lying always wrong? -- Sarah Hale: redeeming Rahab -- Cecil Frances (Fanny) Alexander: from scarlet thread to blood drops -- Charlotte Maria Tucker: the sign of the cord -- Etty Woosnam: true conversion -- Leigh Norval: daring to be different -- Josephine Elizabeth Butler: the saving shelter of the home -- 
       Elizabeth Cady Stanton: the question of motives -- 2. Achsah, Caleb's daughter. Lydia: Aschsah spiritually considered -- Grace Aguilar: Achsah and the age of chivalry -- Charlotte Maria Tucker: the Hebrew daughter's prayer -- Elizabeth Cady Stanton: assertiveness training - - Marianne Farningham: giving good gifts -- 3. Deborah. Grace Aguilar: superwoman -- Clara Balfour: redefining femininity -- Barbara Kellison: helpmeet and head -- Julia McNair Wright: knowledge is power -- Harriet Beecher Stowe       : an inspired poet -- Elizabeth Baxter: an imperfect, but useful woman -- Clara B. Neyman: genius knows no sex -- 4. Jael. Sarah Ewing Hall: Jael's masculine resolution and cruelty -- Mary Cornwallis: using the only means in her power -- Eliza R. Stansbury Steele a mother's love -- Eliza Smith: the worst woman ever -- Emily Owen: Jael: a heroine? -- Constance de Rothschild and Annie de Rothschild: a true Hebrew woman at heart -- Harriet Beecher Stowe: the tiger, tracked, snared, and caught -- Elizabeth Jane Whately: God's executioner -- Etty Woosnam: unsexing Jael and fighting demon drink -- Anne Mercier: Deborah was wrong about Jael -- M.G.: nailing sin to the cross -- Elizabeth Cady Stanton: cold-blooded fiend </subfield>
  </datafield>
  <datafield tag="505" ind1=" " ind2=" ">
    <subfield code="a">Jephthah's daughter. Caroline Howard Gilman: obedient unto death -- Sarah Ewing Hall: a child protests: a mother listens -- Mary Anne Schimmelpenninck: it's all about translation -- Susanna Rowson: the American dream sacrificed -- Eliza R. Stansbury Steele: maid of Gilead, fare thee well -- Adelia C. Graves: her life bought our freedom -- Rose Terry Cooke: cursed above all women --        Cecil Frances Alexander: saintly sacrifice -- Leigh Norval : like father, like daughter -- Elizabeth Cady Stanton: a woman in the "no-name series" -- Louisa Southworth: only a girl -- 6. Manoah's wife. Grace Aguilar: conceling your superiority -- Mary Elizabeth Beck: drink milk not beer -- Edith M. Dewhurst: nameless but known -- M.G.: saintly mothers -- Clara B. Neyman: demythologizing the angel -- Elizabeth Cady Stanton: Mrs. Manoah Doe -- 7. Delilah. Mary Cornwallis: a cautionary tale -- Sarah Hale: Samson the traitor -- Harriet Beecher Stowe: Delilah the destroyer -- Ella Wheeler Wilcox: the road to sweet hell - - Clara B. Neyman: the double standard -- 8. The Levite's concubine. Mary Cornwallis: abused to death -- Josephine Butler: the weak and prostrate figure lying at our door -- Josephine Butler: cold dead hands upon our threshold </subfield>
  </datafield>
  <datafield tag="630" ind1=" " ind2=" ">
    <subfield code="e">Bible. Joshua    </subfield>
    <subfield code="x">Feminist criticism</subfield>
    <subfield code="x">History</subfield>
    <subfield code="y">19th century </subfield>
  </datafield>
  <datafield tag="630" ind1=" " ind2=" ">
    <subfield code="e">Bible. Judges</subfield>
    <subfield code="x">Feminist criticism</subfield>
    <subfield code="x">History</subfield>
    <subfield code="y">19th century </subfield>
  </datafield>
  <datafield tag="655" ind1=" " ind2=" ">
    <subfield code="b">History.</subfield>
  </datafield>
  <datafield tag="700" ind1=" " ind2=" ">
    <subfield code="a">Taylor, Marion Ann,</subfield>
    <subfield code="e">editor </subfield>
  </datafield>
  <datafield tag="700" ind1=" " ind2=" ">
    <subfield code="a">De Groot, Christiana,</subfield>
    <subfield code="e">editor </subfield>
  </datafield>
  <datafield tag="942" ind1=" " ind2=" ">
    <subfield code="2">lcc</subfield>
    <subfield code="c">BK</subfield>
  </datafield>
  <datafield tag="999" ind1=" " ind2=" ">
    <subfield code="c">56630</subfield>
    <subfield code="d">56630</subfield>
  </datafield>
  <datafield tag="952" ind1=" " ind2=" ">
    <subfield code="0">0</subfield>
    <subfield code="1">0</subfield>
    <subfield code="2">lcc</subfield>
    <subfield code="4">0</subfield>
    <subfield code="7">0</subfield>
    <subfield code="8">NFIC</subfield>
    <subfield code="a">BOM</subfield>
    <subfield code="b">BOM</subfield>
    <subfield code="c">GEN</subfield>
    <subfield code="d">2021-07-16</subfield>
    <subfield code="e">Donations TBN</subfield>
    <subfield code="g">1600.00</subfield>
    <subfield code="l">2</subfield>
    <subfield code="o">BS1295.52 .W66 2016  </subfield>
    <subfield code="p">066205</subfield>
    <subfield code="r">2026-03-21 07:45:56</subfield>
    <subfield code="s">2026-03-16</subfield>
    <subfield code="t">1</subfield>
    <subfield code="w">2021-07-16</subfield>
    <subfield code="y">BK</subfield>
  </datafield>
</record>
